Neonatología práctica / (Registro nro. 309)
[ vista simple ]
| 000 -LEADER | |
|---|---|
| fixed length control field | 01185 am a2200337 a 4500 |
| 005 - FECHA ULTIMA MODIFICACION | |
| control field | 20240527114444.0 |
| 008 - CAMPO DE CONTROL (LIBRO) | |
| fixed length control field | 100514s2009||||ag a f |||| 001 0 spa d |
| 020 ## - INTERNATIONAL STANDARD BOOK NUMBER | |
| ISBN | 9789500604468 |
| 041 ## - CODIGO DE IDIOMA | |
| Código de idioma del texto/pista de sonido o título separado | spa |
| 092 ## - SIGNATURA TOPOGRAFICA DEWEY LOCAL | |
| número de clasificación | 618.92 |
| libristica | 11 |
| sección | CER |
| 100 1# - ENTRADA PRINCIPAL--NOMBRE PERSONAL | |
| Nombre personal | Ceriani Cernadas, José María |
| Función | Dir. |
| 9 (RLIN) | 1711 |
| 245 ## - TITULO PROPIAMENTE DICHO | |
| Título | Neonatología práctica / |
| Mención de responsabilidad y remanente de la transcripción de la portada | José María Ceriani Cernadas. |
| 250 ## - MENCION DE EDICION | |
| Mención de edición | 4a ed. |
| 260 ## - PIE DE IMPRENTA | |
| Lugar de publicación, distribución, etc | Buenos Aires: |
| Nombre de la editorial, distribuidor, etc | Editorial Médica Panamericana; |
| Fecha de publicación | 2009. |
| 300 ## - DESCRIPCION FISICA | |
| Extension | 916 p. |
| 500 ## - NOTA GENERAL | |
| Nota general | Ceriani Cernadas, J. M. (Dir.). et al. (2009). Neonatología práctica. (4a ed.). Buenos Aires : Editorial Médica Panamericana. |
| 590 ## - NOTAS LOCALES (RLIN) | |
| Nota local | Compra FACIMED 2010 |
| 653 ## - TÉRMINO INDIZADO - PALABRAS CLAVES | |
| Palabra clave | Medicina fetal |
| 653 ## - TÉRMINO INDIZADO - PALABRAS CLAVES | |
| Palabra clave | Aspectos generales del cuidado neonatal |
| 653 ## - TÉRMINO INDIZADO - PALABRAS CLAVES | |
| Palabra clave | Recién nacido prematuro |
| 653 ## - TÉRMINO INDIZADO - PALABRAS CLAVES | |
| Palabra clave | Aspectos nutricionales del recién nacido |
| 653 ## - TÉRMINO INDIZADO - PALABRAS CLAVES | |
| Palabra clave | Enfermedades y trastornos neonatales |
| 700 1# - ENTRADAS SECUNDARIAS - NOMBRE PERSONAL | |
| Nombre personal | Fustiñana, Carlos A, |
| Función | Dir. asoc. |
| 9 (RLIN) | 623 |
| 700 1# - ENTRADAS SECUNDARIAS - NOMBRE PERSONAL | |
| Nombre personal | Mariani, Gonzalo, |
| Función | Dir. Asoc. |
| 9 (RLIN) | 624 |
| 700 1# - ENTRADAS SECUNDARIAS - NOMBRE PERSONAL | |
| Nombre personal | Jenik, Alejandro, |
| Función | Dir. Asoc. |
| 9 (RLIN) | 625 |
| 700 1# - ENTRADAS SECUNDARIAS - NOMBRE PERSONAL | |
| Nombre personal | Lupo, Ernesto A, |
| Función | Dir. Asoc. |
| 9 (RLIN) | 626 |
| 930 ## - NUMERO DE INVENTARIO | |
| Número de inventario | 2129 |
| 930 ## - NUMERO DE INVENTARIO | |
| Número de inventario | 2130 |
| 930 ## - NUMERO DE INVENTARIO | |
| Número de inventario | 2131 |
| 942 ## - ADDED ENTRY ELEMENTS (KOHA) | |
| Source of classification or shelving scheme | Dewey Decimal Classification |
| Item type | Libros |
| Estado de retiro | Existencia | Fuente de clasificación | Estado general | No para prestamo | Colección | Ubicación permanente | ubicación actual | Sala de ubicación | Fecha de adquisición | Total Checkouts | Total Renewals | Número de clasificación | Código de barras | Date last seen | Date last borrowed | Número de ejemplar | Price effective from | Koha tipo de elemento (item) | Public note |
|---|---|---|---|---|---|---|---|---|---|---|---|---|---|---|---|---|---|---|---|
| Dewey Decimal Classification | Reference | Biblioteca Medicina | Biblioteca Medicina | Referencia | 13/05/2011 | 6 | 1 | 618.92 11 CER | 2129 | 26/08/2022 | 19/08/2022 | ej.1 | 13/05/2011 | Reference | LIBRO DE CONSULTA | ||||
| Biblioteca Medicina | Biblioteca Medicina | Circulación | 13/05/2011 | 70 | 18 | 618.92 11 CER | 2130 | 22/08/2023 | 10/08/2023 | ej.2 | 13/05/2011 | Libros | |||||||
| Biblioteca Medicina | Biblioteca Medicina | Circulación | 13/05/2011 | 66 | 14 | 618.92 11 CER | 2131 | 30/08/2022 | 24/08/2022 | ej.3 | 13/05/2011 | Libros |